[Event "CZE-chT2A 1011"]
[Site "Czech Republic"]
[Date "2011.03.27"]
[Round "10"]
[White "Turner, Radek"]
[Black "Hava, Jaroslav"]
[Result "0-1"]
[WhiteElo "2168"]
[BlackElo "2076"]
[PlyCount "92"]
[EventDate "2010.10.17"]
[EventType "team-tourn"]
[EventRounds "11"]
[EventCountry "CZE"]
[SourceTitle "EXT 2012"]
[Source "ChessBase"]
[SourceDate "2011.11.24"]
[SourceVersion "1"]
[SourceVersionDate "2011.11.24"]
[SourceQuality "1"]
[WhiteTeam "Line"]
[BlackTeam "HerNyr"]
[WhiteTeamCountry "CZE"]
[BlackTeamCountry "CZE"]

1. c4 e5 2. g3 Nc6 3. Bg2 f5 4. Nc3 Nf6 5. d3 Bb4 6. Bd2 0-0 7. e3 d6 8. Nge2 Be6 9. Nd5 Bxd2+ 10. Qxd2 Qd7 11. 0-0 Rae8 12. e4 fxe4 13. dxe4 Rf7 14. f3 Ref8 15. Rad1 b6 16. a3 a5 17. Qc3 Bh3 18. b4 Bxg2 19. Kxg2 axb4 20. axb4 Ra8 21. Ra1 Rff8 22. Ra3 Rxa3 23. Qxa3 Ne7 24. Nec3 Nexd5 25. cxd5 g5 26. h3 h5 27. b5 Qc8 28. Rf2 Nd7 29. Qc1 Qd8 30. Qe3 Qf6 31. Na2 Nc5 32. Nb4 Qg6 33. Nc6 Rf7 34. Re2 g4 35. hxg4 hxg4 36. f4 Qh5 37. f5 Rh7 38. Qg1 Nd3 39. Kf1 Qg5 40. Rc2 Nc5 41. Re2 Rh3 42. Kg2 Nxe4 43. Re3 Nd2 44. Nxe5 dxe5 45. Rxe5 Qh5 46. Qe3 Rh2+ 0-1

[Event "CZE-chT2A 1011"]
[Site "Czech Republic"]
[Date "2010.11.21"]
[Round "3"]
[White "Hava, Jaroslav"]
[Black "Ruzicka, Ales"]
[Result "1/2-1/2"]
[WhiteElo "2076"]
[BlackElo "2041"]
[PlyCount "80"]
[EventDate "2010.10.17"]
[EventType "team-tourn"]
[EventRounds "11"]
[EventCountry "CZE"]
[SourceTitle "EXT 2012"]
[Source "ChessBase"]
[SourceDate "2011.11.24"]
[SourceVersion "1"]
[SourceVersionDate "2011.11.24"]
[SourceQuality "1"]
[WhiteTeam "HerNyr"]
[BlackTeam "Tabor II"]
[WhiteTeamCountry "CZE"]
[BlackTeamCountry "CZE"]

1. e4 c5 2. Nc3 d6 3. Bb5+ Bd7 4. Bxd7+ Qxd7 5. f4 Nc6 6. d3 Nf6 7. Nf3 e6 8. 0-0 Be7 9. h3 a6 10. Be3 b5 11. Qd2 0-0 12. Bf2 Qc7 13. g4 b4 14. Nd1 d5 15. e5 Nd7 16. Ne3 d4 17. Nc4 Nb6 18. Nxb6 Qxb6 19. Qe2 Bd8 20. Qe4 Rc8 21. Nd2 Ne7 22. Nc4 Qc6 23. Bg3 Qxe4 24. dxe4 Nc6 25. Rf3 Bc7 26. Raf1 Na5 27. b3 Nxc4 28. bxc4 a5 29. Kg2 Rb8 30. h4 Ra8 31. f5 Rae8 32. f6 gxf6 33. exf6 Bxg3 34. Kxg3 h6 35. e5 Kh7 36. Kf4 Rg8 37. Rg3 Rg6 38. Ke4 h5 39. g5 Rb8 40. a4 Rc8 1/2-1/2

[Event "Klatovy op-B"]
[Site "Klatovy"]
[Date "2004.07.??"]
[Round "?"]
[White "Nathansky, Daniel"]
[Black "Hava, Jaroslav"]
[Result "1/2-1/2"]
[WhiteElo "1770"]
[BlackElo "1870"]
[PlyCount "47"]
[EventDate "2004.07.??"]
[EventType "swiss"]
[EventRounds "9"]
[EventCountry "CZE"]
[SourceTitle "EXT 2007"]
[Source "ChessBase"]
[SourceDate "2006.11.23"]
[SourceVersion "1"]
[SourceVersionDate "2006.11.23"]
[SourceQuality "1"]

1. e4 d5 2. exd5 Nf6 3. d4 Nxd5 4. Nf3 g6 5. c3 Bg7 6. Bd3 0-0 7. Bg5 Nc6 8. 0-0 Qd6 9. Nbd2 Bg4 10. Re1 Rae8 11. Qc2 Bxf3 12. Nxf3 e5 13. dxe5 Nxe5 14. Nxe5 Rxe5 15. Bh4 Rfe8 16. Rxe5 Bxe5 17. Bg3 Bxg3 18. hxg3 Re5 19. Be2 Qc5 20. Rd1 c6 21. Bf3 Qc4 22. a3 Kg7 23. Bxd5 Rxd5 24. Re1 1/2-1/2

[Event "Klatovy op-B"]
[Site "Klatovy"]
[Date "2004.07.??"]
[Round "?"]
[White "Vancat, Milan"]
[Black "Hava, Jaroslav"]
[Result "0-1"]
[WhiteElo "1610"]
[BlackElo "1870"]
[PlyCount "124"]
[EventDate "2004.07.??"]
[EventType "swiss"]
[EventRounds "9"]
[EventCountry "CZE"]
[SourceTitle "EXT 2007"]
[Source "ChessBase"]
[SourceDate "2006.11.23"]
[SourceVersion "1"]
[SourceVersionDate "2006.11.23"]
[SourceQuality "1"]

1. e4 e6 2. d4 d5 3. exd5 exd5 4. Nf3 Bd6 5. Nc3 c6 6. h3 Ne7 7. Bd3 0-0 8. 0-0 Bf5 9. Ne2 Qc7 10. Bg5 f6 11. Bh4 Nd7 12. Re1 Rfe8 13. Bg3 Nf8 14. Bxd6 Qxd6 15. Ng3 Bg6 16. c3 Qf4 17. Qc2 Bxd3 18. Qxd3 Neg6 19. Kf1 Ne6 20. Re3 Ng5 21. Rae1 Rxe3 22. Rxe3 Nxf3 23. gxf3 Qh4 24. Qf5 Nf4 25. Re7 g6 26. Qg4 Qxh3+ 27. Qxh3 Nxh3 28. Rxb7 Ng5 29. Rc7 Nxf3 30. Rxc6 f5 31. Ke2 Ng5 32. Rd6 Rb8 33. b3 Re8+ 34. Kd3 Nh3 35. f3 Nf4+ 36. Kd2 Re7 37. a4 h5 38. c4 dxc4 39. bxc4 h4 40. Nf1 Kf7 41. Rd8 Ne6 42. Rd6 g5 43. c5 g4 44. fxg4 fxg4 45. Rd5 g3 46. Rf5+ Kg6 47. Nxg3 Nxd4 48. Rf4 Kg5 49. Rxd4 hxg3 50. Kc3 g2 51. Rd1 Kf5 52. Rg1 Rg7 53. Kb4 Ke6 54. Kb5 Kd7 55. Rd1+ Kc7 56. Rg1 Kb7 57. c6+ Kc7 58. a5 Rg6 59. Ka6 Kxc6 60. Kxa7 Kb5 61. a6 Rg7+ 62. Kb8 Kxa6 0-1

[Event "Plzen op-C 10th"]
[Site "Plzen"]
[Date "2004.??.??"]
[Round "9"]
[White "Nathansky, Daniel"]
[Black "Hava, Jaroslav"]
[Result "0-1"]
[WhiteElo "1770"]
[BlackElo "1870"]
[PlyCount "80"]
[EventDate "2004.08.??"]
[EventType "swiss"]
[EventRounds "9"]
[EventCountry "CZE"]
[SourceTitle "EXT 2007"]
[Source "ChessBase"]
[SourceDate "2006.11.23"]
[SourceVersion "1"]
[SourceVersionDate "2006.11.23"]
[SourceQuality "1"]

1. e4 e6 2. d4 d5 3. Nd2 f5 4. e5 Nh6 5. c3 b6 6. f4 c6 7. Ngf3 Be7 8. Bd3 Ba6 9. Bxa6 Nxa6 10. Qe2 Nc7 11. Nf1 Nf7 12. Be3 Qd7 13. h3 c5 14. 0-0-0 c4 15. Qc2 b5 16. g4 Nh6 17. N3h2 g6 18. Ng3 Rf8 19. Rdf1 a5 20. Bd2 b4 21. gxf5 Nxf5 22. Nxf5 Rxf5 23. Qd1 Qb5 24. Ng4 Kd7 25. Kb1 Rb8 26. Ka1 Na6 27. Ne3 Rff8 28. h4 bxc3 29. Bxc3 Nb4 30. Ng2 Nd3 31. Qd2 Bb4 32. Rb1 a4 33. h5 g5 34. Bxb4 Qxb4 35. Qxb4 Nxb4 36. b3 gxf4 37. Rhf1 axb3 38. axb3 Nd3 39. Rbd1 Rxb3 40. Rf3 Ra8# 0-1

[Event "Volyne op-B"]
[Site "Volyne"]
[Date "2003.??.??"]
[Round "?"]
[White "Hava, Jaroslav"]
[Black "Muzikar, Martin"]
[Result "1-0"]
[WhiteElo "1830"]
[BlackElo "1666"]
[PlyCount "87"]
[EventDate "2003.??.??"]
[EventType "swiss"]
[EventRounds "9"]
[EventCountry "CZE"]
[SourceTitle "EXT 2005"]
[Source "ChessBase"]
[SourceDate "2004.11.15"]
[SourceVersion "1"]
[SourceVersionDate "2004.11.15"]
[SourceQuality "1"]

1. e4 c5 2. Nc3 d6 3. Bb5+ Nc6 4. f4 Bd7 5. Nf3 a6 6. Bxc6 Bxc6 7. d3 g6 8. 0-0 Bg7 9. Qe2 e6 10. f5 exf5 11. exf5+ Qe7 12. Qxe7+ Kxe7 13. fxg6 fxg6 14. Bg5+ Kd7 15. Nd2 Rf8 16. Rxf8 Bxf8 17. Rf1 Ne7 18. Nde4 h6 19. Bf6 Rh7 20. Be5 Bg7 21. Bxg7 Rxg7 22. g4 Nd5 23. Nxd5 Bxd5 24. Nf6+ Ke6 25. Nxd5 Kxd5 26. Re1 b5 27. Re8 h5 28. g5 Kc6 29. Ra8 Kb7 30. Rf8 Kc6 31. Kf2 a5 32. Rf6 Kd7 33. c4 b4 34. b3 Ke7 35. Ke3 Kd7 36. h4 Re7+ 37. Kf3 Re6 38. Rf7+ Re7 39. Rxe7+ Kxe7 40. Ke4 Ke6 41. d4 cxd4 42. Kxd4 Ke7 43. c5 Kd7 44. Kd5 1-0

[Event "Plzen op-C 9th"]
[Site "Plzen"]
[Date "2003.??.??"]
[Round "7"]
[White "Hava, Jaroslav"]
[Black "Vrana, Petr"]
[Result "0-1"]
[WhiteElo "1861"]
[BlackElo "1885"]
[PlyCount "82"]
[EventDate "2003.08.??"]
[EventType "swiss"]
[EventRounds "9"]
[EventCountry "CZE"]
[SourceTitle "EXT 2005"]
[Source "ChessBase"]
[SourceDate "2004.11.15"]
[SourceVersion "1"]
[SourceVersionDate "2004.11.15"]
[SourceQuality "1"]

1. e4 e5 2. Nf3 Nc6 3. Bc4 Nf6 4. Ng5 Bc5 5. Bxf7+ Ke7 6. Bb3 Rf8 7. 0-0 d6 8. d3 Bg4 9. Nf3 Nd4 10. Bg5 Nxf3+ 11. gxf3 Bh3 12. Kh1 Bxf1 13. Qxf1 Qd7 14. Nd2 Rae8 15. Qe2 Kd8 16. Rg1 Kc8 17. Bxf6 Rxf6 18. c3 Kb8 19. Rg3 c6 20. c4 h6 21. Nf1 g5 22. Ne3 Bxe3 23. fxe3 Ref8 24. Kg2 Rg6 25. h3 Qc7 26. Kh2 Rgf6 27. Kg2 Qa5 28. Kf2 Qb4 29. Qc2 h5 30. Qe2 a5 31. Rxg5 a4 32. Bd1 Rxf3+ 33. Qxf3 Qxb2+ 34. Kg3 Rxf3+ 35. Bxf3 Qxa2 36. Rxh5 Qd2 37. Rh8+ Ka7 38. h4 a3 39. c5 dxc5 40. d4 a2 41. dxe5 Qxe3 0-1

[Event "Plzen op-C 9th"]
[Site "Plzen"]
[Date "2003.??.??"]
[Round "8"]
[White "Lener, Jaroslav"]
[Black "Hava, Jaroslav"]
[Result "1/2-1/2"]
[WhiteElo "1823"]
[BlackElo "1861"]
[PlyCount "100"]
[EventDate "2003.08.??"]
[EventType "swiss"]
[EventRounds "9"]
[EventCountry "CZE"]
[SourceTitle "EXT 2005"]
[Source "ChessBase"]
[SourceDate "2004.11.15"]
[SourceVersion "1"]
[SourceVersionDate "2004.11.15"]
[SourceQuality "1"]

1. Nf3 Nf6 2. c4 d6 3. Nc3 c5 4. b3 g6 5. Bb2 Bg7 6. g3 0-0 7. Bg2 Nc6 8. 0-0 Bf5 9. d3 Qd7 10. Qd2 Bh3 11. Rfd1 Bxg2 12. Kxg2 Ng4 13. h3 Nge5 14. Nxe5 Bxe5 15. Nb5 Bxb2 16. Qxb2 e5 17. Nc3 f5 18. Nd5 Ne7 19. Nxe7+ Qxe7 20. e3 f4 21. exf4 exf4 22. Re1 Qf7 23. gxf4 Qxf4 24. Re3 Rf7 25. Rae1 Raf8 26. R1e2 Rf5 27. Rg3 R8f6 28. Qd2 Qxd2 29. Rxd2 Re6 30. Re3 Rff6 31. d4 Rxe3 32. fxe3 cxd4 33. exd4 Kf7 34. b4 Ke6 35. Re2+ Kd7 36. Re4 Rf7 37. Kg3 Rf1 38. Rf4 Rxf4 39. Kxf4 h6 40. a4 Ke6 41. a5 Kd7 42. Ke4 Ke6 43. d5+ Kd7 44. c5 Kc7 45. h4 a6 46. Kf4 Kd7 47. Kg4 Kc7 48. Kf4 Kd7 49. Ke4 Kc7 50. Kf4 Kd7 1/2-1/2

[Event "Plzen op-C 9th"]
[Site "Plzen"]
[Date "2003.??.??"]
[Round "3"]
[White "Vevera, Radek"]
[Black "Hava, Jaroslav"]
[Result "1-0"]
[WhiteElo "1977"]
[BlackElo "1861"]
[PlyCount "55"]
[EventDate "2003.08.??"]
[EventType "swiss"]
[EventRounds "9"]
[EventCountry "CZE"]
[SourceTitle "EXT 2005"]
[Source "ChessBase"]
[SourceDate "2004.11.15"]
[SourceVersion "1"]
[SourceVersionDate "2004.11.15"]
[SourceQuality "1"]

1. e4 e6 2. d4 d5 3. Nc3 Nf6 4. Bg5 Be7 5. e5 Nfd7 6. h4 h6 7. Bxe7 Qxe7 8. Qg4 f5 9. Qg3 a6 10. f4 c5 11. Nf3 Nc6 12. 0-0-0 b6 13. Bd3 Nb4 14. Bxf5 exf5 15. a3 c4 16. axb4 Bb7 17. e6 Nf8 18. Ne5 Rg8 19. Nf7 Qxe6 20. Rhe1 Kxf7 21. Rxe6 Nxe6 22. h5 g5 23. fxg5 f4 24. g6+ Kg7 25. Qe1 Rge8 26. Qe5+ Kg8 27. Qf5 Ng5 28. Qd7 1-0

[Event "CZE-ch opA U18"]
[Site "Frymburk"]
[Date "2002.??.??"]
[Round "8"]
[White "Hava, Jaroslav"]
[Black "Med, Ladislav"]
[Result "1-0"]
[WhiteElo "1775"]
[BlackElo "1795"]
[PlyCount "55"]
[EventDate "2002.03.??"]
[EventType "swiss"]
[EventRounds "8"]
[EventCountry "CZE"]
[SourceTitle "EXT 2004"]
[Source "ChessBase"]
[SourceDate "2003.11.25"]
[SourceVersion "1"]
[SourceVersionDate "2003.11.25"]
[SourceQuality "1"]

1. e4 c5 2. Nc3 e6 3. f4 d6 4. Bb5+ Bd7 5. Bxd7+ Qxd7 6. Nf3 Nc6 7. 0-0 g6 8. d3 Bg7 9. f5 0-0-0 10. fxe6 fxe6 11. Bg5 Rf8 12. Qd2 h6 13. Be3 Nf6 14. h3 g5 15. e5 Nh5 16. exd6 Nd4 17. Bxd4 cxd4 18. Ne4 b6 19. Qb4 Nf4 20. a4 e5 21. a5 b5 22. a6 g4 23. Ra5 gxh3 24. Rxb5 Qg4 25. d7+ Kxd7 26. Rb7+ Ke6 27. Qe7+ Kf5 28. Nh4+ 1-0

[Event "CZE-ch opA U18"]
[Site "Frymburk"]
[Date "2002.??.??"]
[Round "3"]
[White "Hava, Jaroslav"]
[Black "Reitinger, Petr"]
[Result "0-1"]
[WhiteElo "1775"]
[BlackElo "2064"]
[PlyCount "78"]
[EventDate "2002.03.??"]
[EventType "swiss"]
[EventRounds "8"]
[EventCountry "CZE"]
[SourceTitle "EXT 2004"]
[Source "ChessBase"]
[SourceDate "2003.11.25"]
[SourceVersion "1"]
[SourceVersionDate "2003.11.25"]
[SourceQuality "1"]

1. e4 c5 2. Nc3 Nc6 3. f4 g6 4. Nf3 Bg7 5. Bb5 e6 6. Bxc6 bxc6 7. 0-0 d5 8. d3 Nf6 9. h3 0-0 10. g4 dxe4 11. dxe4 Qb6 12. Qe1 Ba6 13. Rf2 Rad8 14. a4 Rfe8 15. Be3 Nd7 16. Ra3 Qa5 17. Bd2 Qc7 18. Nd1 Nb6 19. b3 c4 20. b4 f5 21. e5 Nd5 22. c3 Bf8 23. Ra2 fxg4 24. hxg4 Bh6 25. g5 Bf8 26. Rh2 Rd7 27. Qh4 Bb7 28. Qh3 a5 29. Nf2 axb4 30. cxb4 c3 31. Bc1 Nxb4 32. Ra3 Nd5 33. Ne4 Qb6+ 34. Kg2 Bxa3 35. Nf6+ Nxf6 36. gxf6 Bxc1 37. Ng5 c5+ 38. Kf1 Ba6+ 39. Ke1 Bd2+ 0-1

[Event "Klatovy op-B"]
[Site "Klatovy"]
[Date "2001.??.??"]
[Round "?"]
[White "Hava, Jaroslav"]
[Black "Jenc, Milan"]
[Result "1/2-1/2"]
[WhiteElo "1760"]
[BlackElo "1810"]
[PlyCount "145"]
[EventDate "2001.07.??"]
[EventType "swiss"]
[EventRounds "9"]
[EventCountry "CZE"]
[SourceTitle "EXT 2006"]
[Source "ChessBase"]
[SourceDate "2005.11.24"]
[SourceVersion "1"]
[SourceVersionDate "2005.11.24"]
[SourceQuality "1"]

1. e4 c5 2. Nc3 Nc6 3. f4 e5 4. f5 Nf6 5. Nf3 d5 6. d3 dxe4 7. dxe4 Qxd1+ 8. Kxd1 a6 9. Bd3 Bd6 10. a4 Nb4 11. h3 h6 12. g4 Bd7 13. Be3 Bc6 14. Nd2 b6 15. Ke2 Be7 16. Nc4 Nd7 17. h4 g6 18. Raf1 b5 19. axb5 axb5 20. Na3 c4 21. Nxc4 bxc4 22. Bxc4 Nxc2 23. fxg6 fxg6 24. Bf7+ Kd8 25. Bxg6 Nxe3 26. Kxe3 Rb8 27. Rh2 Nf6 28. Bf5 Rf8 29. Rd1+ Kc7 30. g5 Bc5+ 31. Ke2 Rxb2+ 32. Rd2 Rxd2+ 33. Kxd2 hxg5 34. hxg5 Rd8+ 35. Kc2 Ng8 36. Rh7+ Kd6 37. Rg7 Ne7 38. Bg4 Rg8 39. Rf7 Rxg5 40. Rf6+ Kc7 41. Bf3 Rg6 42. Nd5+ Kd7 43. Rxg6 Nxg6 44. Nc3 Nf4 45. Bg4+ Ke7 46. Bc8 Bd4 47. Bf5 Bxc3 48. Kxc3 Ne2+ 49. Kd3 Ng3 50. Bh7 Kf6 51. Bg8 Nxe4 52. Ke3 Nd6 53. Ba2 Kg5 54. Bb1 Nf5+ 55. Kf2 Kf4 56. Ke2 e4 57. Bxe4 Kxe4 58. Kd2 Kd4 59. Kc2 Bd5 60. Kb2 Ne3 61. Kc1 Kc3 62. Kb1 Nc2 63. Kc1 Ba2 64. Kd1 Bc4 65. Kc1 Ne3 66. Kb1 Bb3 67. Kc1 Nc4 68. Kb1 Bd1 69. Kc1 Bg4 70. Kb1 Nd2+ 71. Ka1 Kc2 72. Ka2 Be6+ 73. Ka1 1/2-1/2

[Event "Schneider Bohemia op-C"]
[Site "Plzen"]
[Date "2001.??.??"]
[Round "1.9"]
[White "Hava, Jaroslav"]
[Black "Urvalek, Tomas"]
[Result "1-0"]
[WhiteElo "1764"]
[BlackElo "1477"]
[PlyCount "51"]
[EventDate "2001.08.??"]
[EventType "swiss"]
[EventRounds "9"]
[EventCountry "CZE"]
[SourceTitle "EXT 2002"]
[Source "ChessBase"]
[SourceDate "2001.11.25"]
[SourceVersion "1"]
[SourceVersionDate "2001.11.25"]
[SourceQuality "1"]

1. e4 c6 2. d4 d5 3. exd5 cxd5 4. c4 Nf6 5. Nc3 e6 6. Nf3 Nbd7 7. c5 a6 8. Bd3 b6 9. b4 Qc7 10. Bd2 b5 11. 0-0 Nb8 12. Ne5 Nc6 13. Nxc6 Qxc6 14. Qe2 Qc7 15. f4 Be7 16. f5 0-0 17. Bf4 Qb7 18. Rae1 Re8 19. g4 exf5 20. gxf5 Kf8 21. Qf3 Bd7 22. Rf2 Bc6 23. Rg2 a5 24. Qg3 g6 25. fxg6 hxg6 26. Bh6+ 1-0

[Event "Klatovy op-B"]
[Site "Klatovy"]
[Date "2001.??.??"]
[Round "?"]
[White "Hava, Jaroslav"]
[Black "Vicanek, Josef"]
[Result "1-0"]
[WhiteElo "1760"]
[BlackElo "1830"]
[PlyCount "73"]
[EventDate "2001.07.??"]
[EventType "swiss"]
[EventRounds "9"]
[EventCountry "CZE"]
[SourceTitle "EXT 2006"]
[Source "ChessBase"]
[SourceDate "2005.11.24"]
[SourceVersion "1"]
[SourceVersionDate "2005.11.24"]
[SourceQuality "1"]

1. e4 Nf6 2. e5 Nd5 3. c4 Nb6 4. d4 d6 5. f4 dxe5 6. fxe5 Bf5 7. Nc3 e6 8. Nf3 Nc6 9. a3 Be7 10. Be2 0-0 11. 0-0 Qd7 12. Be3 Rad8 13. b4 a6 14. Qd2 Bg4 15. Rad1 f6 16. exf6 Bxf6 17. Ne4 Bxf3 18. Nxf6+ Rxf6 19. Rxf3 Rxf3 20. gxf3 Ne7 21. Bd3 Qc6 22. d5 exd5 23. cxd5 Qxd5 24. Bxb6 cxb6 25. Bc4 Qxc4 26. Qxd8+ Kf7 27. Qd4 b5 28. Qe4 b6 29. Re1 Qxe4 30. fxe4 Ke6 31. Kf2 Nc6 32. Ke3 Ne5 33. Rg1 g6 34. Kf4 h6 35. h4 a5 36. Rd1 axb4 37. axb4 1-0

[Event "Schneider Bohemia op-C"]
[Site "Plzen"]
[Date "2001.??.??"]
[Round "6.8"]
[White "Svoboda, J."]
[Black "Hava, Jaroslav"]
[Result "0-1"]
[WhiteElo "1532"]
[BlackElo "1764"]
[PlyCount "118"]
[EventDate "2001.08.??"]
[EventType "swiss"]
[EventRounds "9"]
[EventCountry "CZE"]
[SourceTitle "EXT 2002"]
[Source "ChessBase"]
[SourceDate "2001.11.25"]
[SourceVersion "1"]
[SourceVersionDate "2001.11.25"]
[SourceQuality "1"]

1. c4 e5 2. Nc3 Nc6 3. g3 f5 4. d3 Nf6 5. Bg2 Bb4 6. Bd2 d6 7. Nd5 Bxd2+ 8. Qxd2 0-0 9. 0-0-0 Ne7 10. Nxf6+ Rxf6 11. f4 c6 12. e4 Ng6 13. Ne2 Qc7 14. Kb1 Rb8 15. d4 exf4 16. gxf4 fxe4 17. Bxe4 Bf5 18. Qd3 Bxe4 19. Qxe4 Qf7 20. d5 Re8 21. Qd3 c5 22. Rhf1 Nxf4 23. Nxf4 Rxf4 24. Rxf4 Qxf4 25. Rf1 Qe4 26. Qxe4 Rxe4 27. b3 Re2 28. h3 a6 29. Rf3 b5 30. cxb5 axb5 31. a4 Re4 32. axb5 Rb4 33. Kc2 Rxb5 34. Rf4 Rb7 35. Re4 g6 36. Re6 Rb6 37. Re7 h6 38. Kc3 Kf8 39. Rh7 h5 40. Rd7 Kg8 41. Re7 g5 42. Rd7 g4 43. hxg4 hxg4 44. Re7 Kf8 45. Re4 Rb4 46. Re6 Kf7 47. Rxd6 g3 48. Re6 g2 49. Re1 Rg4 50. Rg1 Ke7 51. Kd3 Kd6 52. Ke3 Kxd5 53. Kf3 Rg7 54. Rxg2 Rxg2 55. Kxg2 Kd4 56. Kf1 Kc3 57. Ke2 Kxb3 58. Kd2 c4 59. Kc1 Kc3 0-1

[Event "Schneider Bohemia op-C"]
[Site "Plzen"]
[Date "2000.??.??"]
[Round "?"]
[White "Adamek, Frantisek"]
[Black "Hava, Jaroslav"]
[Result "1-0"]
[WhiteElo "1955"]
[BlackElo "1690"]
[PlyCount "49"]
[EventDate "2000.??.??"]
[EventType "swiss"]
[EventRounds "9"]
[EventCountry "CZE"]
[SourceTitle "EXT 2003"]
[Source "ChessBase"]
[SourceDate "2002.11.25"]
[SourceVersion "1"]
[SourceVersionDate "2002.11.25"]
[SourceQuality "1"]

1. e4 c6 2. d4 d5 3. e5 Bf5 4. a3 e6 5. c4 dxc4 6. Bxc4 Nd7 7. Nc3 Nb6 8. Bb3 Ne7 9. Nge2 Ned5 10. 0-0 Be7 11. Ng3 Bg6 12. f4 Bh4 13. f5 Bxg3 14. fxg6 Bxh2+ 15. Kxh2 Qh4+ 16. Kg1 hxg6 17. Bxd5 Nxd5 18. Nxd5 Qh2+ 19. Kf2 Qh4+ 20. Ke3 exd5 21. Qf3 f5 22. exf6 gxf6 23. Qxf6 Qe4+ 24. Kd2 Kd7 25. Qg7+ 1-0

[Event "Schneider Bohemia op-C"]
[Site "Plzen"]
[Date "2000.??.??"]
[Round "?"]
[White "Hava, Jaroslav"]
[Black "Wenke, Jiri"]
[Result "1-0"]
[WhiteElo "1690"]
[BlackElo "1945"]
[PlyCount "115"]
[EventDate "2000.??.??"]
[EventType "swiss"]
[EventRounds "9"]
[EventCountry "CZE"]
[SourceTitle "EXT 2003"]
[Source "ChessBase"]
[SourceDate "2002.11.25"]
[SourceVersion "1"]
[SourceVersionDate "2002.11.25"]
[SourceQuality "1"]

1. e4 c5 2. Nf3 d6 3. Bb5+ Bd7 4. Bxd7+ Nxd7 5. Nc3 Ngf6 6. d3 g6 7. Bg5 Bg7 8. Qd2 h6 9. Bh4 0-0 10. Ne2 Qb6 11. c3 c4 12. Bxf6 Nxf6 13. 0-0 Rac8 14. e5 dxe5 15. Nxe5 Rfd8 16. d4 Nd5 17. f4 e6 18. Rf3 Ne7 19. Ng3 Rd5 20. Re1 h5 21. Rf2 f6 22. Nf3 Rcd8 23. Qe2 R5d6 24. Qxc4 Rc6 25. Qb3 Qxb3 26. axb3 Nd5 27. Nd2 Bh6 28. Ne2 e5 29. g3 Re6 30. Nc1 Kf7 31. fxe5 Be3 32. Rxe3 Nxe3 33. Rxf6+ Rxf6 34. exf6 Kxf6 35. Nc4 Nf5 36. Nd3 b5 37. Nce5 Rd6 38. Nc5 Ke7 39. Kf2 Rf6 40. Ned7 Rd6 41. Ne5 Ng7 42. Ke3 g5 43. Ne4 Ra6 44. Nxg5 Kf6 45. Ne4+ Kf5 46. h3 Ra2 47. g4+ hxg4 48. hxg4+ Ke6 49. Nc5+ Kf6 50. Ncd3 Ne8 51. c4 Nc7 52. d5 b4 53. Kd4 a5 54. Kc5 Ra1 55. Kc6 Ne8 56. d6 Ng7 57. d7 Ne6 58. Kd6 1-0

[Event "Frymburk op-A"]
[Site "Frymburk"]
[Date "2000.??.??"]
[Round "8"]
[White "Kubistova, Vera"]
[Black "Hava, Jaroslav"]
[Result "1-0"]
[WhiteElo "1750"]
[BlackElo "1760"]
[PlyCount "113"]
[EventDate "2000.01.??"]
[EventType "swiss"]
[EventRounds "9"]
[EventCountry "CZE"]
[SourceTitle "EXT 2002"]
[Source "ChessBase"]
[SourceDate "2001.11.25"]
[SourceVersion "1"]
[SourceVersionDate "2001.11.25"]
[SourceQuality "1"]

1. e4 d5 2. exd5 Nf6 3. Bc4 Nxd5 4. Qf3 Nf6 5. Ne2 e5 6. b4 Nc6 7. Qb3 Qd7 8. a3 a6 9. Qg3 Qg4 10. Qxg4 Bxg4 11. f3 Bf5 12. d3 b5 13. Bb3 Be7 14. Nbc3 Rd8 15. Bg5 Nd4 16. Nxd4 Rxd4 17. Ne2 Rd7 18. Ng3 Bg6 19. Ne4 Nxe4 20. Bxe7 Kxe7 21. fxe4 f6 22. Ke2 Bf7 23. Rab1 Rc8 24. a4 Bxb3 25. Rxb3 Ra8 26. Ra1 Rdd8 27. Rba3 Rab8 28. axb5 axb5 29. Rc3 Rd7 30. Ra7 Kd8 31. Rc6 Kc8 32. g4 Rb7 33. Ra8+ Rb8 34. Rxb8+ Kxb8 35. Rc5 c6 36. Rxc6 Kb7 37. Rc3 Rd8 38. Ra3 Rc8 39. Kd2 h5 40. gxh5 Rh8 41. Ra1 Rxh5 42. Rh1 g5 43. Ke2 Rh8 44. Kf3 Ra8 45. Kg4 Ra2 46. Rc1 Kc7 47. Kf5 Ra6 48. c4 Rc6 49. c5 Ra6 50. Rc2 Ra3 51. Kxf6 Rxd3 52. Kxe5 Rb3 53. Kf5 Rxb4 54. e5 Rc4 55. Rxc4 bxc4 56. Ke4 Kd7 57. Kd4 1-0

[Event "Frymburk op-A"]
[Site "Frymburk"]
[Date "2000.??.??"]
[Round "9"]
[White "Priborsky, Marek"]
[Black "Hava, Jaroslav"]
[Result "1-0"]
[WhiteElo "1795"]
[BlackElo "1760"]
[PlyCount "39"]
[EventDate "2000.01.??"]
[EventType "swiss"]
[EventRounds "9"]
[EventCountry "CZE"]
[SourceTitle "EXT 2002"]
[Source "ChessBase"]
[SourceDate "2001.11.25"]
[SourceVersion "1"]
[SourceVersionDate "2001.11.25"]
[SourceQuality "1"]

1. e4 d5 2. exd5 Nf6 3. d4 Nxd5 4. Nf3 Bg4 5. Bc4 Nb6 6. Bxf7+ Kxf7 7. Ne5+ Ke8 8. Qxg4 Qd6 9. 0-0 N8d7 10. Qf3 Nxe5 11. dxe5 Qd5 12. Qe2 Rd8 13. Nc3 Qc4 14. Qf3 c6 15. Re1 e6 16. Bg5 Be7 17. Qh5+ g6 18. Qh6 Bf8 19. Qh3 Rd4 20. b3 1-0